00481nam a2200169Ia 4500008004100000082000800041100002700049245003800076250000600114260002800120300001000148500002400158650001500182942000700197952009000204999001700294230524s9999 xx 000 0 und d bMOH aPitabas Mohanty942690 0aBusiness Valuation : Text & Cases a1 aNew DelhibTaxmanc2015 a436p; aQuantity Number: 1 aManagement cBK 00104070aTATCLbTATCLcGENd2023-05-24l0o MOHp54043r2023-05-24w2023-05-24yBK c57680d57680